Imperial inequalities: The politics of economic governance across European empires (Record no. 1308857)

MARC details
000 -LEADER
fixed length control field 01086nam a2200241 4500
005 - DATE AND TIME OF LATEST TRANSACTION
control field 20250411120844.0
008 - FIXED-LENGTH DATA ELEMENTS--GENERAL INFORMATION
fixed length control field 250411b |||||||| |||| 00| 0 eng d
020 ## - INTERNATIONAL STANDARD BOOK NUMBER
International Standard Book Number 9781526166142
037 ## - SOURCE OF ACQUISITION
Terms of availability Textual
040 ## - CATALOGING SOURCE
Original cataloging agency RTL
Transcribing agency RTL
084 ## - COLON CLASSIFICATION NUMBER
Classification number XogY.5 R2
Assigning agency RTL
245 ## - TITLE STATEMENT
Title Imperial inequalities: The politics of economic governance across European empires
260 ## - PUBLICATION, DISTRIBUTION, ETC.
Place of publication, distribution, etc. Manchester
Name of publisher, distributor, etc. Manchester university press
Date of publication, distribution, etc. 2022
300 ## - PHYSICAL DESCRIPTION
Extent xix, 332 p.
Other physical details Includes bibliographical references and index
490 ## - SERIES STATEMENT
Series statement Postcolonial international studies
520 ## - SUMMARY, ETC.
Summary, etc. This wide-ranging volume challenges existing historiographical accounts that present states and empires as separate categories. Instead, it views them as co-constitutive units by focusing upon the politics of economic governance across imperial spaces.
650 ## - SUBJECT ADDED ENTRY--TOPICAL TERM
Topical term or geographic name entry element Economic policy
650 ## - SUBJECT ADDED ENTRY--TOPICAL TERM
Topical term or geographic name entry element Colonies administration
9 (RLIN) 752146
650 ## - SUBJECT ADDED ENTRY--TOPICAL TERM
Topical term or geographic name entry element Equality Europe history
9 (RLIN) 752147
700 ## - ADDED ENTRY--PERSONAL NAME
Personal name Bhambra, Gurminder K.
Relator term Editor
9 (RLIN) 324486
700 ## - ADDED ENTRY--PERSONAL NAME
Personal name Mcclure, Julia
Relator term Editor
9 (RLIN) 752148
942 ## - ADDED ENTRY ELEMENTS (KOHA)
Source of classification or shelving scheme Colon Classification (CC)
Suppress in OPAC No
Koha item type Textbook
Classification part XogY.5 R2
Holdings
Withdrawn status Lost status Source of classification or shelving scheme Damaged status Not for loan Home library Current library Date acquired Total Checkouts Full call number Barcode Date last seen Price effective from Koha item type
    Colon Classification (CC)     Ratan Tata Library Ratan Tata Library 2025-04-11   XogY.5 R2 RT1528463 2025-04-11 2025-04-11 Textbook
Copyright @ Delhi University Library System